000 00224nam a22000857a 4500
008 170111b xxu||||| |||| 00| 0 eng d
100 _92328
_aChaudhry.S.etal.
245 _aTogether with Maths-VI
260 _aNew Delhi
_bRancha
_c2011
999 _c5265
_d5265